Once grandes mensajes. Encíclicas "Rerum novarum", "Quadragesimo anno", Mater et magistra", "Pacem in terris", Encclesiam suam", Populorum progression", "Laborem exercens", constitución "Gaudium et spes" y carta apostólica "Octogesima adveniens".
Guardat en:
| Autor principal: | |
|---|---|
| Altres autors: | , |
| Format: | Llibre |
| Idioma: | anglès |
| Publicat: |
Madrid, España:
Biblioteca de Autores Cristianos,
1993.
|
| Edició: | Decimoquinta edición. |
| Col·lecció: | BAC Minor.
|
| Matèries: | |
| Etiquetes: |
Afegir etiqueta
Sense etiquetes, Sigues el primer a etiquetar aquest registre!
|
MARC
| LEADER | 00000nam a22000007a 4500 | ||
|---|---|---|---|
| 003 | CL-VaPUC | ||
| 005 | 20231003154113.0 | ||
| 008 | 230927t1993 ||||| |||| 00| 0 eng d | ||
| 999 | |c 441859 |d 441857 | ||
| 040 | |c Pontificia Universidad Católica de Valparaíso | ||
| 082 | |2 22 |a 262.91 IRI 1993 | ||
| 100 | |9 884751 |a Iribarren, Jesús |e edición | ||
| 245 | |a Once grandes mensajes. |b Encíclicas "Rerum novarum", "Quadragesimo anno", Mater et magistra", "Pacem in terris", Encclesiam suam", Populorum progression", "Laborem exercens", constitución "Gaudium et spes" y carta apostólica "Octogesima adveniens". | ||
| 246 | |a 11 grandes mensajes. | ||
| 250 | |a Decimoquinta edición. | ||
| 260 | |a Madrid, España: |b Biblioteca de Autores Cristianos, |c 1993. | ||
| 300 | |a 844 páginas. | ||
| 490 | |a BAC Minor. | ||
| 500 | |a c.1 Donación Sr. Jorge Precht Pizarro. 26-05-23. Biblioteca Teología. | ||
| 583 | |c 20230927 |k Yessy Sthefany Diaz Vidal | ||
| 650 | 0 | |9 314532 |a Encíclicas papales |x Iglesia Católica |x Doctrina social |y Siglo 20 | |
| 700 | |9 884753 |a Gutiérrez García, José Luis |e edición | ||
| 700 | |9 884755 |a Benavent, Emilio |e prólogo | ||
| 942 | |2 ddc |c BK | ||
| 952 | |0 0 |1 0 |2 ddc |4 0 |6 262_910000000000000_IRI_1993 |7 0 |8 A |9 591706 |a BIBTEO |b BIBTEO |d 2023-09-27 |e Donación |i 5658748 |o 262.91 IRI 1993 |p 5658748 |r 2025-01-17 |t 1 |w 2023-09-27 |y BK |k ICR | ||